000 00410nam a2200169Ia 4500
003 LK-CoDNM
008 010623t xxu||||| |||| 00| 1 eng d
040 _aLK-CoDNM
_dLK-CoDNM
_eLK-CoDNM
041 _aeng
080 _a294.3GRI
100 _aGrimm,Georges
245 _aLa Sagesse Du Bouddha
260 _bInternational Buddhist Centre
_aFrance
300 _b76p, 21 cm
650 _aBuddhism
942 _cBK
999 _c134854
_d134854